| 000 | 01019nam a2200253Ia 4500 | ||
|---|---|---|---|
| 003 | OSt | ||
| 005 | 20221005103004.0 | ||
| 006 | a|||||r|||| 00| 0 | ||
| 007 | ta | ||
| 008 | 221004b |||||||| |||| 00| 0 hin d | ||
| 024 | _a31623 | ||
| 037 | _cTextual | ||
| 040 |
_aCRL _cCRL _bhin |
||
| 041 |
_2hin _ahin |
||
| 082 | _aP15:3, 152M2 | ||
| 100 |
_aकाले, मोरेश्वर रामचन्द्र _9168288 |
||
| 245 | 0 |
_aहायर संस्कृत ग्रामर _b परिमार्जित हिन्दी संस्करण |
|
| 246 | _aHāyar sanskṛut grāmara: parimārjit hindī sanskaraṇa | ||
| 260 |
_aइलाहाबाद _bरामनारायण लाल बेनीप्रसाद भारत _c1982 |
||
| 300 |
_a705पृ. _ccm. |
||
| 650 | _aभाषाशास्त्र | ||
| 942 |
_hP15:3, 152M2 _cTEXL _2cc |
||
| 999 |
_c1009237 _d1009237 |
||